[Event "18. Open de Sants Hostafrancs 2016"]
[Site "Barcelona ESP"]
[Date "2016.08.19"]
[Round "1.1"]
[White "Orteu Capdevila, Max"]
[Black "Sasikiran, Krishnan"]
[Result "0-1"]
[WhiteElo "2147"]
[BlackElo "2658"]
[PlyCount "70"]
[EventDate "2016.08.19"]
[EventType "swiss"]
[EventRounds "10"]
[EventCountry "ESP"]
[SourceTitle "Ajedrez en Madrid"]
[Source "lmi"]
[SourceDate "2016.08.19"]

1. e4 c5 2. Nf3 d6 3. d4 cxd4 4. Nxd4 Nf6 5. Nc3 a6 6. h3 e5 7. Nde2 h5 8. g3
Be7 9. Bg2 Nbd7 10. a4 b6 11. b3 Bb7 12. Bg5 Rc8 13. O-O Nc5 14. Bxf6 Bxf6 15.
b4 Ne6 16. Nd5 h4 17. Nxf6+ Qxf6 18. g4 Qe7 19. Qd3 O-O 20. Rad1 Qc7 21. c3
Rfd8 22. Qe3 a5 23. f4 exf4 24. Nxf4 Qxc3 25. Qxb6 Qxb4 26. Qxb4 axb4 27. Nxe6
fxe6 28. Rd4 b3 29. Rb1 Rc3 30. Rb4 Bc6 31. a5 Ra8 32. R4xb3 Rxb3 33. Rxb3 Rxa5
34. Rd3 Ra1+ 35. Bf1 Bb5 0-1

[Event "18. Open de Sants Hostafrancs 2016"]
[Site "Barcelona ESP"]
[Date "2016.08.19"]
[Round "1.3"]
[White "Martinez Pla, Xavier"]
[Black "Fier, Alexandr"]
[Result "0-1"]
[WhiteElo "2145"]
[BlackElo "2627"]
[PlyCount "62"]
[EventDate "2016.08.19"]
[EventType "swiss"]
[EventRounds "10"]
[EventCountry "ESP"]
[SourceTitle "Ajedrez en Madrid"]
[Source "lmi"]
[SourceDate "2016.08.19"]

1. e4 c5 2. Nf3 e6 3. d4 cxd4 4. Nxd4 Nf6 5. Nc3 d6 6. Be3 Be7 7. f3 O-O 8. Qd2
Nc6 9. O-O-O a6 10. g4 Nd7 11. h4 Nde5 12. Qg2 Nxd4 13. Bxd4 Nc6 14. Be3 b5 15.
Kb1 b4 16. Na4 Rb8 17. g5 Bd7 18. b3 Qc7 19. h5 Na7 20. g6 Bxa4 21. h6 fxg6 22.
hxg7 Rf7 23. Rxh7 Kxh7 24. Qh3+ Kxg7 25. Qh6+ Kg8 26. Bd4 e5 27. Bc4 Qxc4 28.
Rh1 Bf6 29. bxc4 exd4 30. Qxg6+ Kf8 31. Rh7 Rbb7 0-1

[Event "18. Open de Sants Hostafrancs 2016"]
[Site "Barcelona ESP"]
[Date "2016.08.19"]
[Round "1.4"]
[White "Ma, Qun"]
[Black "Blasco Coll, Andreu"]
[Result "1-0"]
[WhiteElo "2621"]
[BlackElo "2143"]
[PlyCount "101"]
[EventDate "2016.08.19"]
[EventType "swiss"]
[EventRounds "10"]
[EventCountry "ESP"]
[SourceTitle "Ajedrez en Madrid"]
[Source "lmi"]
[SourceDate "2016.08.19"]

1. d4 d5 2. c4 c6 3. Nf3 Nf6 4. Nc3 dxc4 5. a4 Bf5 6. Ne5 Nbd7 7. Nxc4 Qc7 8.
g3 e5 9. dxe5 Nxe5 10. Bf4 Nfd7 11. Bg2 g5 12. Nxe5 gxf4 13. Nxd7 O-O-O 14. Qd4
Qxd7 15. Qxf4 Bd6 16. Qh6 Qe6 17. Qxe6+ Bxe6 18. Be4 Bb3 19. O-O Bb4 20. Bd3 a5
21. Rfc1 h5 22. Ne4 Rd5 23. Kf1 h4 24. g4 Rd4 25. h3 Be7 26. Nd2 Be6 27. Nc4
Bb4 28. Ne5 Bd6 29. Nc4 Bb4 30. f3 Kb8 31. b3 Rhd8 32. Kf2 Ka7 33. Rab1 Kb8 34.
Rc2 Kc7 35. Ne3 Be7 36. Bf5 Bd6 37. Bxe6 fxe6 38. Nf1 Be7 39. e3 Rb4 40. Ke2 e5
41. Nd2 b6 42. Rc4 Kb7 43. Rbc1 Bc5 44. Ne4 Rxc4 45. Rxc4 Bb4 46. g5 b5 47. Rc1
bxa4 48. bxa4 Be7 49. f4 exf4 50. exf4 Rd4 51. Kf3 1-0

[Event "18. Open de Sants Hostafrancs 2016"]
[Site "Barcelona ESP"]
[Date "2016.08.19"]
[Round "1.6"]
[White "Timofeev, Artyom"]
[Black "Gonzalez Vericat, Sergio"]
[Result "1-0"]
[WhiteElo "2596"]
[BlackElo "2141"]
[PlyCount "60"]
[EventDate "2016.08.19"]
[EventType "swiss"]
[EventRounds "10"]
[EventCountry "ESP"]
[SourceTitle "Ajedrez en Madrid"]
[Source "lmi"]
[SourceDate "2016.08.19"]

1. e4 e6 2. d4 d5 3. Nd2 Be7 4. e5 c5 5. c3 Nc6 6. Bd3 Qb6 7. dxc5 Bxc5 8. Qe2
a5 9. Nb3 Bf8 10. Nf3 Bd7 11. O-O a4 12. Nbd4 Nxd4 13. Nxd4 Ne7 14. Be3 Qa5 15.
f4 g6 16. Qf2 Rc8 17. g4 Bg7 18. f5 gxf5 19. gxf5 Nxf5 20. Bxf5 exf5 21. Kh1
O-O 22. Rg1 Kh8 23. Rxg7 Kxg7 24. Qg3+ Kh8 25. Bg5 f6 26. Bxf6+ Rxf6 27. exf6
Rg8 28. Qe5 Qd8 29. f7+ Rg7 30. Rg1 Bc8 1-0

[Event "18. Open de Sants Hostafrancs 2016"]
[Site "Barcelona ESP"]
[Date "2016.08.19"]
[Round "1.7"]
[White "Perez Nunez, Saul"]
[Black "Kunin, Vitaly"]
[Result "0-1"]
[WhiteElo "2141"]
[BlackElo "2592"]
[PlyCount "100"]
[EventDate "2016.08.19"]
[EventType "swiss"]
[EventRounds "10"]
[EventCountry "ESP"]
[SourceTitle "Ajedrez en Madrid"]
[Source "lmi"]
[SourceDate "2016.08.19"]

1. e4 d6 2. d4 Nf6 3. Nc3 Nbd7 4. Nf3 e5 5. Rg1 g6 6. g4 Bg7 7. g5 Nh5 8. Be3
c6 9. Qd2 O-O 10. O-O-O Qc7 11. Be2 Re8 12. Ne1 exd4 13. Bxd4 Bxd4 14. Qxd4 Nf4
15. Bg4 Ne5 16. Bxc8 Raxc8 17. Qd2 Ne6 18. f4 Qb6 19. fxe5 Qxg1 20. exd6 Rcd8
21. Nf3 Qg4 22. Rf1 Nc5 23. e5 Qf5 24. Qe3 Nd7 25. Re1 Nxe5 26. Nxe5 Rxd6 27.
Qg3 Rde6 28. Nd3 Rxe1+ 29. Nxe1 c5 30. Nd3 Qf1+ 31. Nd1 b6 32. Qg4 Rd8 33. Qg3
Qh1 34. Qc7 Qd5 35. Qf4 Qxa2 36. Ne3 Qa1+ 37. Kd2 Qxb2 38. Ng4 Qb4+ 39. Qxb4
cxb4 40. Ke3 a5 41. Nge5 Rd5 42. h4 a4 43. Nc6 a3 44. Ndxb4 Rc5 45. Nd4 Rc3+
46. Ke4 Rh3 47. Nf3 Kf8 48. Kf4 Ke7 49. Kg4 Rh1 50. Nd2 Kd6 0-1

[Event "18. Open de Sants Hostafrancs 2016"]
[Site "Barcelona ESP"]
[Date "2016.08.19"]
[Round "1.10"]
[White "Gomez Garrido, Camilo Ernesto"]
[Black "Jimenez Ruano, Adrian"]
[Result "1-0"]
[WhiteElo "2560"]
[BlackElo "2133"]
[PlyCount "101"]
[EventDate "2016.08.19"]
[EventType "swiss"]
[EventRounds "10"]
[EventCountry "ESP"]
[SourceTitle "Ajedrez en Madrid"]
[Source "lmi"]
[SourceDate "2016.08.19"]

1. e4 c5 2. Nf3 d6 3. d4 cxd4 4. Nxd4 Nf6 5. Nc3 a6 6. Bg5 e6 7. f4 h6 8. Bh4
Be7 9. Qf3 Qc7 10. O-O-O Nbd7 11. g4 g5 12. e5 dxe5 13. fxg5 hxg5 14. Bg3 Qc5
15. Nb3 Qc6 16. Qe2 Qc7 17. Bg2 Rb8 18. h4 gxh4 19. Bxh4 Nf8 20. Rdf1 Ng8 21.
Bxe7 Rxh1 22. Rxh1 Nxe7 23. Ne4 Nd5 24. Kb1 b5 25. Nbc5 Rb6 26. Qd2 Rc6 27. Nd3
Ng6 28. Nb4 Nxb4 29. Qxb4 Qe7 30. Nf6+ Kd8 31. Qxe7+ Kxe7 32. Ng8+ Kf8 33. Bxc6
Kxg8 34. g5 Ne7 35. Be4 Bd7 36. Rd1 Bc6 37. Bxc6 Nxc6 38. c3 Kg7 39. Rd6 Ne7
40. Rxa6 Kg6 41. Ra5 Kxg5 42. Rxb5 Kf4 43. Rb7 Nf5 44. Rxf7 e4 45. Kc2 Kg3 46.
Rf6 Kf2 47. Rxe6 Ng3 48. a4 e3 49. a5 Nf1 50. a6 e2 51. Rxe2+ 1-0

[Event "18. Open de Sants Hostafrancs 2016"]
[Site "Barcelona ESP"]
[Date "2016.08.19"]
[Round "1.11"]
[White "Lillo Ferrer, Jose Maria M"]
[Black "Jakubowski, Krzysztof"]
[Result "0-1"]
[WhiteElo "2132"]
[BlackElo "2548"]
[PlyCount "80"]
[EventDate "2016.08.19"]
[EventType "swiss"]
[EventRounds "10"]
[EventCountry "ESP"]
[SourceTitle "Ajedrez en Madrid"]
[Source "lmi"]
[SourceDate "2016.08.19"]

1. e4 g6 2. d4 Bg7 3. Nc3 d6 4. Be3 Nd7 5. Qd2 a6 6. h4 h5 7. Nh3 b5 8. O-O-O
Bb7 9. Ng5 Nh6 10. f3 c5 11. Kb1 c4 12. Ne2 a5 13. Nf4 Qb8 14. g3 Nb6 15. Qf2
Na4 16. c3 Ba6 17. Qc2 Ra7 18. g4 hxg4 19. h5 gxh5 20. Nxh5 Bf8 21. Be2 gxf3
22. Bxf3 Bc8 23. Rdg1 Bd7 24. Ka1 b4 25. e5 b3 26. axb3 cxb3 27. Qf2 Qb5 28.
Be2 Qc6 29. d5 Qxd5 30. Bxa7 Qc6 31. Bd3 Nxc3 32. bxc3 Qxc3+ 33. Kb1 Qxd3+ 34.
Ka1 dxe5 35. Qf3 Qc2 36. Qa8+ Bc8 37. Qxc8+ Qxc8 38. Rc1 Qd7 39. Rc4 f6 40. Ne4
Qxa7 0-1

[Event "18. Open de Sants Hostafrancs 2016"]
[Site "Barcelona ESP"]
[Date "2016.08.19"]
[Round "1.12"]
[White "Moussard, Jules"]
[Black "Heinis, Vincent"]
[Result "1-0"]
[WhiteElo "2539"]
[BlackElo "2131"]
[PlyCount "31"]
[EventDate "2016.08.19"]
[EventType "swiss"]
[EventRounds "10"]
[EventCountry "ESP"]
[SourceTitle "Ajedrez en Madrid"]
[Source "lmi"]
[SourceDate "2016.08.19"]

1. Nf3 Nf6 2. g3 g6 3. b3 d5 4. Bg2 Bg7 5. Bb2 O-O 6. O-O a5 7. c4 c6 8. Nc3
Bg4 9. Ne5 Bf5 10. d4 Na6 11. Rc1 Nc7 12. e3 a4 13. Nxa4 b5 14. Nxc6 Qd6 15.
cxb5 Nxb5 16. Qe2 1-0

[Event "18. Open de Sants Hostafrancs 2016"]
[Site "Barcelona ESP"]
[Date "2016.08.19"]
[Round "1.14"]
[White "Cruz, Cristhian"]
[Black "Peer, Kobi"]
[Result "1-0"]
[WhiteElo "2533"]
[BlackElo "2129"]
[PlyCount "63"]
[EventDate "2016.08.19"]
[EventType "swiss"]
[EventRounds "10"]
[EventCountry "ESP"]
[SourceTitle "Ajedrez en Madrid"]
[Source "lmi"]
[SourceDate "2016.08.19"]

1. d4 Nf6 2. c4 g6 3. g3 Bg7 4. Bg2 d5 5. cxd5 Nxd5 6. e4 Nb6 7. Ne2 O-O 8. O-O
c6 9. Nbc3 N8d7 10. a4 Nf6 11. a5 Nbd7 12. e5 Ne8 13. a6 Nc7 14. axb7 Bxb7 15.
Qb3 Nb6 16. Rd1 Ne6 17. Be3 Qd7 18. Nf4 Nxf4 19. Bxf4 Nd5 20. Ne4 Nxf4 21. gxf4
Rfb8 22. Nc5 Qc7 23. Qa4 a5 24. Nxb7 Rxb7 25. Bxc6 Rb4 26. Qxb4 axb4 27. Rxa8+
Bf8 28. d5 Kg7 29. Rxf8 Kxf8 30. d6 exd6 31. exd6 Qd8 32. d7 1-0

[Event "18. Open de Sants Hostafrancs 2016"]
[Site "Barcelona ESP"]
[Date "2016.08.19"]
[Round "1.15"]
[White "Castaner Harster, Xavier"]
[Black "Grigoryan, Karen H"]
[Result "0-1"]
[WhiteElo "2128"]
[BlackElo "2533"]
[PlyCount "78"]
[EventDate "2016.08.19"]
[EventType "swiss"]
[EventRounds "10"]
[EventCountry "ESP"]
[SourceTitle "Ajedrez en Madrid"]
[Source "lmi"]
[SourceDate "2016.08.19"]

1. e4 c5 2. Nf3 Nc6 3. d4 cxd4 4. Nxd4 Nf6 5. Nc3 d6 6. Bg5 Bd7 7. Qd2 Rc8 8.
O-O-O Nxd4 9. Qxd4 Qa5 10. Bxf6 gxf6 11. Kb1 Qc5 12. Qd2 Bg7 13. Bd3 e6 14. f4
Ke7 15. f5 a6 16. g4 h5 17. h3 Bh6 18. Qg2 Bf4 19. Ne2 Be5 20. c3 Qe3 21. Nd4
Ba4 22. Bc2 Bxc2+ 23. Nxc2 Qb6 24. Qg1 Qxg1 25. Rhxg1 hxg4 26. hxg4 Rcg8 27.
Rg2 Rh3 28. Rdg1 Rf3 29. a3 Rf4 30. g5 Rxg5 31. Rxg5 fxg5 32. fxe6 f6 33. Rh1
Rxe4 34. Rh7+ Kxe6 35. Rxb7 f5 36. Nb4 f4 37. Nxa6 f3 38. Nc7+ Kf5 39. Ne8 Kg6
0-1

[Event "18. Open de Sants Hostafrancs 2016"]
[Site "Barcelona ESP"]
[Date "2016.08.19"]
[Round "1.16"]
[White "Alonso Rosell, Alvar"]
[Black "Dave, Dhyani"]
[Result "1-0"]
[WhiteElo "2524"]
[BlackElo "2128"]
[PlyCount "91"]
[EventDate "2016.08.19"]
[EventType "swiss"]
[EventRounds "10"]
[EventCountry "ESP"]
[SourceTitle "Ajedrez en Madrid"]
[Source "lmi"]
[SourceDate "2016.08.19"]

1. Nf3 d5 2. g3 Nf6 3. Bg2 c6 4. O-O Bg4 5. h3 Bh5 6. d3 Nbd7 7. Qe1 e5 8. e4
dxe4 9. dxe4 Bc5 10. Nbd2 O-O 11. Nh4 b5 12. Ndf3 Bxf3 13. Bxf3 Re8 14. Nf5 Qc7
15. Bg5 g6 16. Nh6+ Kg7 17. Rd1 Nf8 18. Bxf6+ Kxf6 19. Qc3 Bb6 20. Qd2 Re6 21.
Bg4 Ree8 22. Be2 Kg7 23. Ng4 Re6 24. h4 Rd8 25. Qh6+ Kg8 26. h5 Qe7 27. hxg6
fxg6 28. Kg2 Qg7 29. Qg5 Qe7 30. Nh6+ Kh8 31. a4 a6 32. Rxd8 Bxd8 33. Qe3 Kg7
34. Ng4 Nd7 35. Rd1 Rd6 36. Qh6+ Kh8 37. Rh1 Bb6 38. axb5 axb5 39. Ra1 Qe8 40.
Ra6 Kg8 41. c4 bxc4 42. Bxc4+ Kh8 43. b4 Qe7 44. Ra8+ Bd8 45. Ra7 Rd4 46. Rxd7
1-0

[Event "18. Open de Sants Hostafrancs 2016"]
[Site "Barcelona ESP"]
[Date "2016.08.19"]
[Round "1.17"]
[White "Benet Morant, Damia"]
[Black "Schroeder, Jan-christian"]
[Result "1/2-1/2"]
[WhiteElo "2123"]
[BlackElo "2523"]
[PlyCount "50"]
[EventDate "2016.08.19"]
[EventType "swiss"]
[EventRounds "10"]
[EventCountry "ESP"]
[SourceTitle "Ajedrez en Madrid"]
[Source "lmi"]
[SourceDate "2016.08.19"]

1. c4 e6 2. d4 d5 3. Nf3 Nf6 4. g3 Be7 5. Bg2 O-O 6. O-O Nbd7 7. b3 b6 8. cxd5
exd5 9. Ba3 c5 10. Nbd2 Bb7 11. Rc1 Re8 12. e3 a5 13. Nb1 Bf8 14. Qc2 Rc8 15.
Qe2 Ne4 16. Rfd1 Rc7 17. Bb2 Ndf6 18. Ne5 Qc8 19. Na3 Ba6 20. Nb5 Qb7 21. a4
Rcc8 22. Ng4 Nxg4 23. Qxg4 Rcd8 24. dxc5 Nxc5 25. h4 Bxb5 1/2-1/2

[Event "18. Open de Sants Hostafrancs 2016"]
[Site "Barcelona ESP"]
[Date "2016.08.19"]
[Round "1.18"]
[White "Lin, Chen"]
[Black "Carraro, Denise"]
[Result "1-0"]
[WhiteElo "2516"]
[BlackElo "2120"]
[PlyCount "39"]
[EventDate "2016.08.19"]
[EventType "swiss"]
[EventRounds "10"]
[EventCountry "ESP"]
[SourceTitle "Ajedrez en Madrid"]
[Source "lmi"]
[SourceDate "2016.08.19"]

1. d4 e6 2. Nf3 Nf6 3. Bf4 b6 4. e3 Bb7 5. h3 Be7 6. Bd3 c5 7. c3 Nc6 8. Nbd2
a6 9. Qe2 cxd4 10. exd4 b5 11. a3 O-O 12. O-O Rc8 13. Rfe1 Na5 14. a4 bxa4 15.
Rxa4 Nd5 16. Bg3 Rxc3 17. bxc3 Nxc3 18. Bxh7+ Kh8 19. Qe5 Bxf3 20. Nxf3 1-0

[Event "18. Open de Sants Hostafrancs 2016"]
[Site "Barcelona ESP"]
[Date "2016.08.19"]
[Round "1.19"]
[White "Aliaga Fernandez, Ingrid Y"]
[Black "Comas Fabrego, Lluis"]
[Result "1/2-1/2"]
[WhiteElo "2119"]
[BlackElo "2507"]
[PlyCount "78"]
[EventDate "2016.08.19"]
[EventType "swiss"]
[EventRounds "10"]
[EventCountry "ESP"]
[SourceTitle "Ajedrez en Madrid"]
[Source "lmi"]
[SourceDate "2016.08.19"]

1. e4 d6 2. d4 g6 3. Nc3 Bg7 4. f4 a6 5. a4 Nf6 6. Nf3 Bg4 7. Be2 O-O 8. O-O
Bxf3 9. Bxf3 e5 10. fxe5 dxe5 11. d5 c6 12. Be3 cxd5 13. Nxd5 Nxd5 14. Qxd5
Qxd5 15. exd5 e4 16. Be2 Nd7 17. c4 Rac8 18. Rab1 Nc5 19. Bxc5 Rxc5 20. b4 Rcc8
21. a5 Bd4+ 22. Kh1 f5 23. c5 Kg7 24. c6 bxc6 25. Bxa6 Rc7 26. Rbc1 c5 27. Rfd1
Ra7 28. Bf1 Rd8 29. bxc5 Rxd5 30. c6 Rc7 31. Rc4 Rxa5 32. Rcxd4 Rxc6 33. Kg1
Rac5 34. Rd7+ Kh6 35. Re1 Rc7 36. Rd6 R5c6 37. Rd5 Rc5 38. Rd6 R5c6 39. Rd5 Rc5
1/2-1/2

[Event "18. Open de Sants Hostafrancs 2016"]
[Site "Barcelona ESP"]
[Date "2016.08.19"]
[Round "1.20"]
[White "Delorme, Axel"]
[Black "Laustsen, Lars"]
[Result "1-0"]
[WhiteElo "2500"]
[BlackElo "2118"]
[PlyCount "81"]
[EventDate "2016.08.19"]
[EventType "swiss"]
[EventRounds "10"]
[EventCountry "ESP"]
[SourceTitle "Ajedrez en Madrid"]
[Source "lmi"]
[SourceDate "2016.08.19"]

1. e4 c5 2. Nf3 d6 3. Bb5+ Bd7 4. Bxd7+ Qxd7 5. c4 Nf6 6. Nc3 g6 7. d4 cxd4 8.
Nxd4 Bg7 9. h3 O-O 10. Be3 Rc8 11. b3 a6 12. a4 Nc6 13. O-O Qd8 14. Nde2 Qa5
15. Rb1 Nd7 16. Qd2 Qd8 17. f4 a5 18. Rfd1 Nf6 19. Ng3 Nb4 20. Rbc1 Na6 21. Qf2
Nd7 22. Nb5 Qe8 23. Rb1 Ndc5 24. Qf3 Nc7 25. Ne2 Nxb5 26. cxb5 b6 27. Bf2 Ra7
28. f5 Be5 29. Nf4 Bxf4 30. Qxf4 f6 31. h4 Qf7 32. Rdc1 Rac7 33. Rc3 Nd7 34.
Rg3 Rc3 35. Be3 Rxb3 36. Rxb3 Qxb3 37. fxg6 Qd1+ 38. Kh2 Qh5 39. Rg5 Qh6 40.
gxh7+ Kxh7 41. Qf5+ 1-0

[Event "18. Open de Sants Hostafrancs 2016"]
[Site "Barcelona ESP"]
[Date "2016.08.19"]
[Round "1.21"]
[White "Moreby, James"]
[Black "Vera Siguenas, Deivy"]
[Result "0-1"]
[WhiteElo "2118"]
[BlackElo "2496"]
[PlyCount "78"]
[EventDate "2016.08.19"]
[EventType "swiss"]
[EventRounds "10"]
[EventCountry "ESP"]
[SourceTitle "Ajedrez en Madrid"]
[Source "lmi"]
[SourceDate "2016.08.19"]

1. c4 Nf6 2. Nc3 g6 3. e4 d6 4. d4 Bg7 5. f3 O-O 6. Be3 Nc6 7. Nge2 a6 8. Qd2
Rb8 9. Nc1 e5 10. d5 Nd4 11. Nb3 Nxb3 12. axb3 c5 13. b4 cxb4 14. Na4 b5 15.
cxb5 axb5 16. Qxb4 Ne8 17. Nc3 Bh6 18. Bf2 f5 19. Be2 Nf6 20. O-O Bd2 21. Rfd1
Bxc3 22. bxc3 fxe4 23. fxe4 Bg4 24. Rd2 Bxe2 25. Rxe2 Ng4 26. Bg3 Qb6+ 27. Kh1
Ra8 28. Rxa8 Rxa8 29. c4 Nf2+ 30. Bxf2 Qxf2 31. Re1 Ra4 32. Qc3 Rxc4 33. Qa5
Rxe4 34. Qd8+ Kg7 35. Qd7+ Kh6 36. Qh3+ Kg5 37. Rg1 Re1 38. Qg3+ Qxg3 39. hxg3
Rxg1+ 0-1

[Event "18. Open de Sants Hostafrancs 2016"]
[Site "Barcelona ESP"]
[Date "2016.08.19"]
[Round "1.22"]
[White "Movsziszian, Karen"]
[Black "Namay Caceres, Santos"]
[Result "1-0"]
[WhiteElo "2495"]
[BlackElo "2117"]
[PlyCount "59"]
[EventDate "2016.08.19"]
[EventType "swiss"]
[EventRounds "10"]
[EventCountry "ESP"]
[SourceTitle "Ajedrez en Madrid"]
[Source "lmi"]
[SourceDate "2016.08.19"]

1. g3 d5 2. Bg2 e6 3. d3 Nf6 4. Nd2 Be7 5. e4 c5 6. Ngf3 Nc6 7. O-O O-O 8. Re1
b6 9. e5 Nd7 10. Nf1 Re8 11. h4 Nf8 12. N1h2 a5 13. a4 Ra7 14. h5 Nd7 15. h6 g6
16. Ng4 Rf8 17. Bf4 Nb4 18. c3 Nc6 19. Qd2 Ba6 20. Rad1 b5 21. axb5 Bxb5 22.
Bf1 Ba6 23. Bg5 Bc8 24. Bxe7 Qxe7 25. Bh3 Ba6 26. c4 dxc4 27. dxc4 Bxc4 28.
Qxd7 Rxd7 29. Rxd7 Nxe5 30. Nfxe5 1-0

[Event "18. Open de Sants Hostafrancs 2016"]
[Site "Barcelona ESP"]
[Date "2016.08.19"]
[Round "1.23"]
[White "Dominguez Rueda, Juan"]
[Black "Bailet, Pierre"]
[Result "0-1"]
[WhiteElo "2115"]
[BlackElo "2492"]
[PlyCount "54"]
[EventDate "2016.08.19"]
[EventType "swiss"]
[EventRounds "10"]
[EventCountry "ESP"]
[SourceTitle "Ajedrez en Madrid"]
[Source "lmi"]
[SourceDate "2016.08.19"]

1. e4 c5 2. c3 e6 3. d4 d5 4. e5 Nc6 5. Nf3 Bd7 6. a3 Nge7 7. b4 cxd4 8. cxd4
Nf5 9. Be2 Be7 10. O-O h5 11. Bb2 g5 12. Ne1 g4 13. Nc2 Qb6 14. Qd2 Rc8 15. Bc3
Rg8 16. b5 Bg5 17. Qd3 Na5 18. Ne3 Bxe3 19. fxe3 Nc4 20. a4 Ncxe3 21. Rf4 Qc7
22. Rf2 g3 23. hxg3 Rxg3 24. Bf3 Ng4 25. Rf1 Nge3 26. Re1 Nxg2 27. Kf1 Ngh4 0-1

[Event "18. Open de Sants Hostafrancs 2016"]
[Site "Barcelona ESP"]
[Date "2016.08.19"]
[Round "1.24"]
[White "Rios, Cristhian Camilo"]
[Black "Zoldan, Matteo"]
[Result "1-0"]
[WhiteElo "2490"]
[BlackElo "2114"]
[PlyCount "63"]
[EventDate "2016.08.19"]
[EventType "swiss"]
[EventRounds "10"]
[EventCountry "ESP"]
[SourceTitle "Ajedrez en Madrid"]
[Source "lmi"]
[SourceDate "2016.08.19"]

1. d4 Nf6 2. c4 g6 3. Nc3 Bg7 4. e4 d6 5. Be2 O-O 6. Bg5 Na6 7. f4 c6 8. Nf3
Nc7 9. e5 Ng4 10. Qd2 f6 11. exf6 exf6 12. Bh4 Re8 13. O-O d5 14. Rfe1 Ne3 15.
c5 Bf5 16. Bd3 Nc4 17. Qc2 Bxd3 18. Qxd3 Qd7 19. b3 Na3 20. Rxe8+ Rxe8 21. Rf1
b6 22. Bg3 bxc5 23. dxc5 Bf8 24. f5 Bxc5+ 25. Kh1 Kg7 26. fxg6 hxg6 27. Nh4 f5
28. Ne2 Ne6 29. Be5+ Kh7 30. Nxg6 Ng5 31. Nef4 d4 32. g4 1-0

[Event "18. Open de Sants Hostafrancs 2016"]
[Site "Barcelona ESP"]
[Date "2016.08.19"]
[Round "1.25"]
[White "Martin Perez, Laura"]
[Black "Arenas, David"]
[Result "1-0"]
[WhiteElo "2113"]
[BlackElo "2490"]
[PlyCount "63"]
[EventDate "2016.08.19"]
[EventType "swiss"]
[EventRounds "10"]
[EventCountry "ESP"]
[SourceTitle "Ajedrez en Madrid"]
[Source "lmi"]
[SourceDate "2016.08.19"]

1. e4 c5 2. Nf3 d6 3. d4 Nf6 4. Nc3 cxd4 5. Nxd4 g6 6. Be3 Bg7 7. f3 a6 8. g4
Nbd7 9. Qd2 b5 10. h4 Bb7 11. h5 Ne5 12. Bh6 Bxh6 13. Qxh6 Rf8 14. hxg6 hxg6
15. g5 Nh5 16. Rxh5 gxh5 17. f4 Qb6 18. O-O-O Ng4 19. Qxh5 Ne3 20. Ne6 Nxd1 21.
Nxd1 Kd7 22. Nxf8+ Rxf8 23. Bh3+ Kd8 24. Qh6 Re8 25. Qh7 Qc6 26. Qxf7 Qxe4 27.
Qe6 Qxe6 28. Bxe6 Rf8 29. g6 Rf6 30. g7 Rxe6 31. g8=Q+ Kd7 32. Qb8 1-0

[Event "18. Open de Sants Hostafrancs 2016"]
[Site "Barcelona ESP"]
[Date "2016.08.19"]
[Round "1.26"]
[White "Kobo, Ori"]
[Black "Valencia Jimenez, Jose"]
[Result "1/2-1/2"]
[WhiteElo "2489"]
[BlackElo "2110"]
[PlyCount "51"]
[EventDate "2016.08.19"]
[EventType "swiss"]
[EventRounds "10"]
[EventCountry "ESP"]
[SourceTitle "Ajedrez en Madrid"]
[Source "lmi"]
[SourceDate "2016.08.19"]

1. d4 c5 2. d5 e5 3. e4 d6 4. Bb5+ Nd7 5. a4 Be7 6. Ne2 Bg5 7. Bxg5 Qxg5 8. Nd2
Ne7 9. O-O Ng6 10. Nc4 Ke7 11. Bxd7 Bxd7 12. Ra3 h5 13. Kh1 h4 14. h3 Rh6 15.
Qc1 Qxc1 16. Rxc1 Rhh8 17. Ne3 b6 18. c4 a6 19. Rb1 a5 20. Kg1 Kd8 21. Nc3 Nf4
22. Rb3 Kc7 23. Kf1 g6 24. Nb5+ Bxb5 25. Rxb5 Raf8 26. Nd1 1/2-1/2

[Event "18. Open de Sants Hostafrancs 2016"]
[Site "Barcelona ESP"]
[Date "2016.08.19"]
[Round "1.27"]
[White "Ventura Bolet, Alexandre"]
[Black "Baghdasaryan, Vahe"]
[Result "0-1"]
[WhiteElo "2109"]
[BlackElo "2488"]
[PlyCount "192"]
[EventDate "2016.08.19"]
[EventType "swiss"]
[EventRounds "10"]
[EventCountry "ESP"]
[SourceTitle "Ajedrez en Madrid"]
[Source "lmi"]
[SourceDate "2016.08.19"]

1. Nf3 c5 2. c4 g6 3. g3 Bg7 4. Bg2 Nc6 5. O-O d6 6. Nc3 Bf5 7. d3 Qd7 8. Nd5
Nf6 9. Nf4 e5 10. Nd5 Nxd5 11. cxd5 Ne7 12. Bg5 f6 13. Bd2 Bh3 14. e4 h5 15.
Re1 h4 16. Qe2 g5 17. Qf1 hxg3 18. fxg3 Ng6 19. Re2 Bxg2 20. Rxg2 g4 21. Ne1
Rh5 22. Nc2 f5 23. exf5 Rxf5 24. Qe2 O-O-O 25. Qe4 Ne7 26. Ne3 Rg5 27. Rf1 Bh6
28. Rf7 Rg7 29. Rgf2 Bxe3 30. Bxe3 Rdg8 31. b4 Rxf7 32. Rxf7 Qe8 33. Qh7 Nxd5
34. Rxb7 Rh8 35. Qg7 Qa4 36. Rf7 Re8 37. Qxg4+ Kb8 38. Qe4 Qxa2 39. bxc5 Qb3
40. cxd6 Nxe3 41. d7 Rd8 42. Qxe5+ Kb7 43. Qe4+ Qd5 44. Kf2 Qxe4 45. dxe4 Ng4+
46. Ke2 Ne5 47. Re7 Nxd7 48. e5 Kb6 49. Re6+ Kc7 50. Re7 Kb7 51. h4 a5 52. h5
a4 53. h6 a3 54. h7 Kc8 55. Re6 Rh8 56. Ra6 Rxh7 57. Rxa3 Nxe5 58. Ra8+ Kb7 59.
Re8 Rh5 60. Ke3 Kc6 61. Kf4 Kd6 62. Ra8 Rh1 63. Ra6+ Kd5 64. Ra5+ Kd4 65. Ra4+
Nc4 66. Ra8 Rf1+ 67. Kg5 Nd6 68. Ra4+ Ke5 69. Ra5+ Ke6 70. Ra6 Rf8 71. Kg4 Kd5
72. Ra5+ Kd4 73. Ra4+ Nc4 74. Ra7 Ne5+ 75. Kg5 Rg8+ 76. Kf4 Rg4+ 77. Kf5 Rxg3
78. Ra4+ Nc4 79. Ke6 Re3+ 80. Kf5 Re5+ 81. Kf4 Re8 82. Kf5 Kd5 83. Kf6 Rf8+ 84.
Kg7 Rf4 85. Ra1 Ke6 86. Re1+ Ne5 87. Rg1 Rf7+ 88. Kg8 Ra7 89. Rb1 Ng4 90. Rb6+
Kf5 91. Kf8 Rh7 92. Kg8 Rd7 93. Kf8 Nf6 94. Rb5+ Nd5 95. Ke8 Ke6 96. Kf8 Re7
0-1

[Event "18. Open de Sants Hostafrancs 2016"]
[Site "Barcelona ESP"]
[Date "2016.08.19"]
[Round "1.28"]
[White "Harutyunian, Tigran K"]
[Black "Caceres, Diego"]
[Result "1-0"]
[WhiteElo "2485"]
[BlackElo "2108"]
[PlyCount "47"]
[EventDate "2016.08.19"]
[EventType "swiss"]
[EventRounds "10"]
[EventCountry "ESP"]
[SourceTitle "Ajedrez en Madrid"]
[Source "lmi"]
[SourceDate "2016.08.19"]

1. Nf3 d5 2. g3 c6 3. Bg2 Bg4 4. O-O Nd7 5. d4 Ngf6 6. Nbd2 e6 7. c3 Be7 8. Re1
O-O 9. e4 Nxe4 10. Nxe4 dxe4 11. Rxe4 Nf6 12. Re1 Qb6 13. Qb3 Rfd8 14. Ne5 Bf5
15. Nc4 Qa6 16. a4 Bc2 17. Qxc2 Qxc4 18. a5 a6 19. Re5 Rxd4 20. Bf1 Re4 21.
Bxc4 Rxe5 22. Bf4 Rc5 23. Qb3 Rd8 24. Be3 1-0